000 00622nam a2200205 i 4500
001 97673
003 ES-MaACL
005 20231213062944.0
007 t|
008 050715s1974 sp ||||1| spa d
100 1 _aMarías, Julián,
_d1914-2005
_976688
245 1 3 _aLa justicia social y otras justicias /
_cJulián Marías.
260 _aMadrid :
_bSeminarios y Ediciones,
_c1974.
300 _a153 p. ;
_c18 cm.
490 1 _aHora H. Ensayos y Documentos
830 0 _aHora H. Ensayos y Documentos
_9176510
852 _aES-MaACL
_jE-6168
_bR.90727
852 _aES-MaACL
_jE-6709
_bR.90339
999 _c97673
_d97673